Estudio y comprensión de la sociedad: octavo básico, texto para el estudiante
সংরক্ষণ করুন:
| প্রধান লেখক: | , |
|---|---|
| বিন্যাস: | গ্রন্থ |
| ভাষা: | স্প্যানিশ |
| প্রকাশিত: |
Santiago
Zig-Zag
2002
|
| সংস্করন: | 2a. ed |
| বিষয়গুলি: | |
| ট্যাগগুলো: |
ট্যাগ যুক্ত করুন
কোনো ট্যাগ নেই, প্রথমজন হিসাবে ট্যাগ করুন!
|
MARC
| LEADER | 00000nam a2200000 a 4500 | ||
|---|---|---|---|
| 001 | UCL1945 | ||
| 003 | CL-VaPUC | ||
| 008 | 030926e20020000CL |||||||||||||||||spa|d | ||
| 020 | |a 9561214415 | ||
| 082 | 0 | 4 | |a 372.83 |b ARA |2 21 |
| 100 | 0 | |a Araya Pinto, Claudia |e author |9 478947 | |
| 700 | 0 | |a Bersezio Fernández, Alberto P |e author |9 478948 | |
| 245 | 1 | 0 | |a Estudio y comprensión de la sociedad: octavo básico, texto para el estudiante |
| 250 | |a 2a. ed | ||
| 300 | |a 191 p | ||
| 942 | |c BK | ||
| 945 | |d 20030926 00:00:00 |a cmena | ||
| 260 | |a Santiago |b Zig-Zag |c 2002 | ||
| 650 | 0 | |a Educación básica |9 224933 | |
| 650 | 0 | |a Educación cívica |9 314665 | |
| 650 | 0 | |a Métodos de enseñanza |9 270413 | |
| 650 | 0 | |a Libros de texto |9 270019 | |
| 650 | 0 | |a Enseñanza de la geografía |9 310005 | |
| 650 | 0 | |a Desarrollo social |9 264534 | |
| 650 | 0 | |a Enseñanza de la historia |9 307330 | |
| 583 | |a last modification |c 20030926 00:00:00 |k Rodrigo Vera | ||
| 999 | |c 305378 |d 305376 | ||
| 952 | |0 0 |1 0 |4 0 |6 372_830000000000000_ARA_2002 |7 0 |8 P |9 369058 |a BIBEDU |b BIBEDU |d 2019-11-21 |i 3945677 |o 372.83 ARA 2002 |p 3945677 |r 2019-11-21 |w 2019-11-21 |y BK |k EBA | ||
| 952 | |0 0 |1 0 |4 0 |6 372_830000000000000_ARA_2002 |7 0 |8 P |9 369059 |a BIBEDU |b BIBEDU |d 2019-11-21 |i 3945685 |o 372.83 ARA 2002 |p 3945685 |r 2019-11-21 |w 2019-11-21 |y BK |k EBA | ||
| 952 | |0 0 |1 0 |4 0 |6 372_830000000000000_ARA_2002 |7 0 |8 P |9 369060 |a BIBEDU |b BIBEDU |d 2019-11-21 |i 3945693 |o 372.83 ARA 2002 |p 3945693 |r 2019-11-21 |w 2019-11-21 |y BK |k EBA | ||
| 952 | |0 0 |1 0 |4 0 |6 372_830000000000000_ARA_2002 |7 0 |8 P |9 369061 |a BIBEDU |b BIBEDU |d 2019-11-21 |i 3945707 |o 372.83 ARA 2002 |p 3945707 |r 2019-11-21 |w 2019-11-21 |y BK |k EBA | ||
| 952 | |0 0 |1 0 |4 0 |6 372_830000000000000_ARA_2002 |7 0 |8 P |9 369062 |a BIBEDU |b BIBEDU |c BIBEDU_PB |d 2019-11-21 |i 3945715 |o 372.83 ARA 2002 |p 3945715 |r 2024-01-25 |w 2019-11-21 |y BK |k EBA | ||
| 952 | |0 0 |1 0 |4 0 |6 372_830000000000000_ARA_2002 |7 0 |8 P |9 369063 |a BIBEDU |b BIBEDU |d 2019-11-21 |i 3945723 |o 372.83 ARA 2002 |p 3945723 |r 2019-11-21 |w 2019-11-21 |y BK |k EBA | ||
| 952 | |0 0 |1 0 |4 0 |6 372_830000000000000_ARA_2002 |7 0 |8 P |9 369064 |a BIBEDU |b BIBEDU |c BIBEDU_PB |d 2019-11-21 |i 3945731 |o 372.83 ARA 2002 |p 3945731 |r 2024-01-25 |w 2019-11-21 |y BK |k EBA | ||
| 952 | |0 0 |1 0 |4 0 |6 372_830000000000000_ARA_2002 |7 0 |8 A |9 369065 |a BIBHIS |b BIBHIS |d 2019-11-21 |i 4052811 |o 372.83 ARA 2002 |p 4052811 |r 2025-01-20 |w 2019-11-21 |y BK |k HIS | ||
| 952 | |0 0 |1 0 |4 0 |6 372_830000000000000_ARA_2002 |7 0 |8 A |9 369066 |a BIBHIS |b BIBHIS |d 2019-11-21 |i 405282K |o 372.83 ARA 2002 |p 405282K |r 2025-01-20 |w 2019-11-21 |y BK |k HIS | ||
| 952 | |0 0 |1 0 |4 0 |6 372_830000000000000_ARA_2002 |7 0 |8 A |9 369067 |a BIBHIS |b BIBHIS |d 2019-11-21 |i 4052838 |o 372.83 ARA 2002 |p 4052838 |r 2025-01-20 |w 2019-11-21 |y BK |k HIS | ||
| 952 | |0 0 |1 0 |4 0 |6 372_830000000000000_ARA_2002 |7 0 |8 A |9 369068 |a BIBHIS |b BIBHIS |d 2019-11-21 |i 4052846 |o 372.83 ARA 2002 |p 4052846 |r 2025-01-20 |w 2019-11-21 |y BK |k HIS | ||
| 952 | |0 0 |1 0 |4 0 |6 372_830000000000000_ARA_2002 |7 0 |8 A |9 369069 |a BIBHIS |b BIBHIS |d 2019-11-21 |i 4052854 |o 372.83 ARA 2002 |p 4052854 |r 2025-01-20 |w 2019-11-21 |y BK |k HIS | ||
| 952 | |0 0 |1 0 |4 0 |6 372_830000000000000_ARA_2002 |7 0 |8 A |9 369070 |a BIBHIS |b BIBHIS |d 2019-11-21 |i 4052862 |o 372.83 ARA 2002 |p 4052862 |r 2025-01-20 |w 2019-11-21 |y BK |k HIS | ||
| 952 | |0 0 |1 0 |4 0 |6 372_830000000000000_ARA_2002 |7 0 |8 A |9 369071 |a BIBHIS |b BIBHIS |d 2019-11-21 |i 4052870 |o 372.83 ARA 2002 |p 4052870 |r 2025-01-20 |w 2019-11-21 |y BK |k HIS | ||